Materials, structures, and standards : (Record no. 22091)

MARC details
000 -CABECERA
campo de control de longitud fija 00829nam a22002057a 4500
003 - IDENTIFICADOR DEL NÚMERO DE CONTROL
campo de control OSt
005 - FECHA Y HORA DE LA ÚLTIMA TRANSACCIÓN
campo de control 20260601193857.0
008 - DATOS DE LONGITUD FIJA--INFORMACIÓN GENERAL
campo de control de longitud fija 260420b2006 |||a|||| |||| 00| 0 eng d
020 ## - NÚMERO INTERNACIONAL ESTÁNDAR DEL LIBRO
Número Internacional Estándar del Libro 9781592531936
040 ## - FUENTE DE LA CATALOGACIÓN
Centro catalogador/agencia de origen ICI
Lengua de catalogación spa
Centro/agencia transcriptor ICI
050 ## - SIGNATURA TOPOGRÁFICA DE LA BIBLIOTECA DEL CONGRESO
Número de clasificación NA2540
Número de documento/Ítem M45
100 ## - ENTRADA PRINCIPAL--NOMBRE DE PERSONA
Nombre de persona McMorrough, Julia,
Término indicativo de función/relación autor
9 (RLIN) 33228
245 ## - MENCIÓN DE TÍTULO
Título Materials, structures, and standards :
Resto del título all the details architects need to know but can never find /
Mención de responsabilidad, etc. Julia McMorrough
260 ## - PUBLICACIÓN, DISTRIBUCIÓN, ETC.
Lugar de publicación, distribución, etc. Gloucester, Massachusetts :
Nombre del editor, distribuidor, etc. Rockport Publishers,
Fecha de publicación, distribución, etc. 2006
300 ## - DESCRIPCIÓN FÍSICA
Extensión 272 páginas
Otras características físicas ilustraciones
Dimensiones 21cm.
505 ## - NOTA DE CONTENIDO CON FORMATO
Nota de contenido con formato Measure and drawing -- Proportion and form -- Codes and guidelines -- Systems and components -- Characteristics of materials -- Compendium
650 ## - PUNTO DE ACCESO ADICIONAL DE MATERIA--TÉRMINO DE MATERIA
Término de materia o nombre geográfico como elemento de entrada Arquitectura
Subdivisión de forma Manuales
9 (RLIN) 33229
650 ## - PUNTO DE ACCESO ADICIONAL DE MATERIA--TÉRMINO DE MATERIA
Término de materia o nombre geográfico como elemento de entrada Construcción
Subdivisión de forma Manuales
9 (RLIN) 33230
942 ## - ELEMENTOS DE PUNTO DE ACCESO ADICIONAL (KOHA)
Fuente del sistema de clasificación o colocación Library of Congress Classification
Tipo de ítem Koha Libros
Suprimir en OPAC 0
Holdings
Estado de retiro Estado de pérdida Fuente del sistema de clasificación o colocación Estado dañado No para préstamo Localización permanente Ubicación/localización actual Fecha de adquisición Total de préstamos Signatura topográfica completa Código de barras Fecha visto por última vez Número de copia Precio válido a partir de Tipo de ítem Koha
El ejemplar forma parte de la colección y puede ser consultado según las políticas vigentes.   Dewey Decimal Classification     Biblioteca de Diseño Museo Franz Mayer Biblioteca de Diseño Museo Franz Mayer 20/04/2026   NA2540 M45 BDIMFM000760 20/04/2026 Ej.1 20/04/2026 Libros